Types of storms of the United States and their average movements, (Record no. 8357)
[ view plain ]
| 000 -LEADER | |
|---|---|
| fixed length control field | 00964cam a22002531 4500 |
| 001 - CONTROL NUMBER | |
| control field | agr15000004 |
| 003 - CONTROL NUMBER IDENTIFIER | |
| control field | DLC |
| 005 - DATE AND TIME OF LATEST TRANSACTION | |
| control field | 20260227110937.0 |
| 008 - FIXED-LENGTH DATA ELEMENTS--GENERAL INFORMATION | |
| fixed length control field | 790129s1914 xx 000 0 eng |
| 010 ## - LIBRARY OF CONGRESS CONTROL NUMBER | |
| LC control number | agr15000004 |
| 035 ## - SYSTEM CONTROL NUMBER | |
| System control number | (OCoLC)4595045 |
| 040 ## - CATALOGING SOURCE | |
| Original cataloging agency | DLC |
| Transcribing agency | OCl |
| Modifying agency | OCoLC |
| -- | DLC |
| 042 ## - AUTHENTICATION CODE | |
| Authentication code | premarc |
| 050 00 - LIBRARY OF CONGRESS CALL NUMBER | |
| Classification number | QC983 |
| Item number | .A21 no. 1 |
| 100 1# - MAIN ENTRY--PERSONAL NAME | |
| Personal name | Bowie, Edward Hall, |
| Dates associated with a name | 1874-1943. |
| 245 00 - TITLE STATEMENT | |
| Title | Types of storms of the United States and their average movements, |
| Statement of responsibility, etc. | by Edward H. Bowie and R. Hanson Weightman. |
| 260 ## - PUBLICATION, DISTRIBUTION, ETC. | |
| Place of publication, distribution, etc. | Washington, |
| Name of publisher, distributor, etc. | Govt. print. off., |
| Date of publication, distribution, etc. | 1914. |
| 300 ## - PHYSICAL DESCRIPTION | |
| Extent | 37 p. incl. tables. |
| Other physical details | 114 charts on 57 l. |
| Dimensions | 31 cm. |
| 490 0# - SERIES STATEMENT | |
| Series statement | United States Weather bureau. Monthly weather review. Supplement |
| Volume/sequential designation | no. 1 |
| 500 ## - GENERAL NOTE | |
| General note | At head of title: W. B. no. 538 ... U.S. Dept. of agriculture. Weather bureau ... |
| 504 ## - BIBLIOGRAPHY, ETC. NOTE | |
| Bibliography, etc. note | "Selected bibliography": p. 13. |
| 650 #0 - SUBJECT ADDED ENTRY--TOPICAL TERM | |
| Topical term or geographic name entry element | Storms |
| Geographic subdivision | United States. |
| 700 1# - ADDED ENTRY--PERSONAL NAME | |
| Personal name | Weightman, Richard Hanson, |
| Dates associated with a name | 1882- |
| Relator term | joint author. |
No items available.